00721nam a2200229Ia 4500003000400000005001700004008004100021020001800062040000700080041000800087082001600095100003000111245004600141250000700187260004300194300003400237650003200271906004700303942001200350999001900362952011000381OSt20230530151535.0210423s2005 xx 000 0 und d a81-297-0013-1 cAL aeng a616.89 CARA aCARSON (Robert C)9117170 aAbnormal psychology and modern life Ed 11 a11 aDelhibPearson Education Pvt Ltdc2005 a742,G-23,R-69,NI-16,SI-15bPB aAbnormal Psychology9117171 a11 ; Abnormal ; life ; modern ; psychology 2ddccBK c168447d168447 001040708CPSYaSACPGbSACPGd2017-04-19l0o616.89 CARApPG014949r2022-08-24 00:00:00w2021-04-26yBK